Simbolistica viselor dicţionar

Bibliographic Details
Main Author: Ţugui, Ion (Author)
Format: Book
Language:Romanian, Moldovan
PhysicalDescription:422 s. 20 cm
Published: Bucureşti Esoteria 2002
ISBN:9738544017
Edition:[1. ed.]
Subjects:

MARC

LEADER 00000nam a2200000 a 4500
001 vtls001450317
003 SK-MaSNL
005 20260301163050.0
008 240318s2002 RO r 0 rum
020 |a 9738544017 
035 |a SNK000405608 
040 |a SNK  |b slo  |c SNK  |e AACR2 
044 |a RO 
072 7 |a 159.96  |x Zvláštne duševné stavy a procesy  |2 konspekt 
080 |a 159.963.3  |2 1981 
080 |a 159.963.38  |2 1981 
080 |a 159.964.26  |2 1981 
080 |a (049)  |2 1981 
080 |a (038)  |2 1981 
100 1 |a Ţugui, Ion  |4 aut  |9 528551 
245 1 0 |a Simbolistica viselor  |b dicţionar  |c Ion Tugui : interpretări, semnificaţii, ipoteze 
250 |a [1. ed.] 
260 |a Bucureşti  |b Esoteria  |c 2002 
300 |a 422 s.  |c 20 cm 
650 0 7 |a sny  |2 SNKPH  |9 24399 
650 0 7 |a snová symbolika  |2 SNKPH  |9 67379 
650 0 7 |a analytická psychológia  |2 SNKPH  |9 15660 
655 7 |a slovníky  |2 SNKPH  |9 70413 
655 7 |a výklady  |2 SNKPH  |9 29178 
919 |a 973-85440-1-7 
999 |c 815549  |d 817479 
952 |t P60, <04>, [BOOK], {604}  |a SNK  |b SNK  |y VYP  |7 0  |p 17A0395323  |o snkID 97178  |i snkV 995/2003  |0 0  |1 0  |4 0  |d 2003-10-28  |l 0  |r 2005-01-02 00:00:00  |w 2026-02-24